000 01055nam a22002417a 4500
005 20240305165512.0
007 cr|||| ||||
008 181001s2018 br |||||s|||| 00||0 por d
020 _a978-85-361-9610-7
035 _a21998
040 _avLex
090 _c8163
_d8163
100 1 _aPragmácio Filho, Eduardo
245 1 0 _aTeoria da empresa para o direito do trabalho brasileiro
_h[Recurso electrónico] /
_cEduardo Pragmácio Filho
256 _aServicio en línea
260 _aSan Pablo:
_bLTR,
_c2018
300 _a1 recurso electrónico
506 1 _aDisponible solo en los productos indicados
_dvLex Global
_dvLex Global (Academic Edition, excluding Law Schools)
_dvLex Global (U.S. Academic Edition, Law Schools)
_dvLex Global (U.S. Academic Edition, excluding Law Schools)
_dvLex Global (Academic Edition, Law Schools)
650 0 4 _aDerecho Laboral y Seguridad Social
_zBrasil
740 0 _avLex Libros (Servicio en línea)
856 4 0 _uhttps://app.vlex.com/#/sources/teoria-empresa-direito-trabalho-brasileiro-21998
942 _cRAA
999 _c166400
_d166400